[Event "BLR-chB"]
[Site "Minsk"]
[Date "2020.01.31"]
[Round "6"]
[White "Zarubitski, Viachaslau"]
[Black "Vashchilov, Sergey"]
[Result "1-0"]
[WhiteElo "2451"]
[BlackElo "2148"]
[PlyCount "113"]
[EventDate "2020.01.26"]
[EventType "swiss"]
[EventRounds "9"]
[EventCountry "BLR"]
[SourceTitle "CBM 194 Extra"]
[Source "ChessBase"]
[SourceDate "2020.03.31"]
[SourceVersion "1"]
[SourceVersionDate "2020.03.31"]
[SourceQuality "1"]

1. e4 e6 2. d4 d5 3. Nd2 Nc6 4. Ngf3 Nf6 5. e5 Nd7 6. Nb3 a5 7. a4 Be7 8. c3 b6 9. Qd2 Ba6 10. Bxa6 Rxa6 11. Qf4 0-0 12. Qg4 Kh8 13. h4 f5 14. Qg3 Qb8 15. Ng5 Bxg5 16. hxg5 g6 17. Qd3 Qb7 18. Bd2 Raa8 19. Qb5 Rf7 20. Nc1 Na7 21. Qb3 c5 22. Ne2 c4 23. Qa3 Nf8 24. 0-0 Rb8 25. Rfb1 Qc6 26. Nf4 Kg8 27. b3 cxb3 28. Rxb3 Rfb7 29. Rab1 Nc8 30. g3 Kf7 31. Ng2 Qc4 32. Ne3 Qe2 33. Qc1 Rc7 34. c4 dxc4 35. Rc3 Rd7 36. Rxc4 Ne7 37. Bxa5 f4 38. gxf4 Rdb7 39. Bb4 Nd5 40. Qd1 Qxd1+ 41. Nxd1 Nxf4 42. Nc3 Nd7 43. Bd6 Ra8 44. Kh2 Rba7 45. Kg3 Nd5 46. Rh1 Nxc3 47. Rxc3 Kg8 48. Rhc1 Rxa4 49. Rc7 R4a7 50. Rxa7 Rxa7 51. Rc8+ Kf7 52. Rh8 b5 53. Rxh7+ Kg8 54. Re7 Rb7 55. d5 exd5 56. e6 Nc5 57. Re8+ 1-0

[Event "Minsk Kupreichik Memorial rapid"]
[Site "Minsk"]
[Date "2019.08.17"]
[Round "10"]
[White "Oblamski, Vladimir"]
[Black "Vashchilov, Sergey"]
[Result "1-0"]
[WhiteElo "2088"]
[BlackElo "2162"]
[PlyCount "51"]
[EventDate "2019.08.15"]
[EventType "swiss (rapid)"]
[EventRounds "10"]
[EventCountry "BLR"]
[SourceTitle "CBM 191 Extra"]
[Source "ChessBase"]
[SourceDate "2019.09.30"]
[SourceVersion "1"]
[SourceVersionDate "2019.09.30"]
[SourceQuality "1"]

1. e4 e6 2. d4 d5 3. e5 c5 4. c3 Qb6 5. Nf3 Nc6 6. a3 Nh6 7. b4 cxd4 8. Bxh6 gxh6 9. b5 Na5 10. cxd4 Bd7 11. Nbd2 Rc8 12. a4 Bb4 13. Rb1 Bc3 14. Bd3 Bxd4 15. 0-0 0-0 16. Rb4 Bc3 17. Rh4 Kg7 18. Nb1 f5 19. Nxc3 Be8 20. Ne2 Bg6 21. Rb4 Qc5 22. Qd2 Qe7 23. Rh4 Nb3 24. Qxh6+ Kg8 25. Nf4 Qe8 26. Ng5 1-0